| 000 | 00488nam a2200145 a 4500 | ||
|---|---|---|---|
| 001 | 000047189 | ||
| 005 | 20201002053430.0 | ||
| 008 | 180418s2016 dr a 000 spa d | ||
| 020 | _a9789945874297 | ||
| 040 |
_aDO-SdBNP _bspa _cBNPHU |
||
| 245 | 0 |
_aArrecife coralino :. : _bjardín de vida y color, cuentos del concurso literario infantil-juvenil 2015-2016. |
|
| 260 |
_aSanto Domingo : _bFundación Propa-Gas, _c2016. |
||
| 300 |
_a87 p. : _bil. ; _c26 cm. |
||
| 590 | _aInventariado,2018/DG | ||
| 999 |
_c46677 _d46677 |
||